Julie and the Phantoms - Statistics

General Stats
  • This quiz has been taken 871 times
  • The average score is 11 of 15
Answer Stats
Hint Answer % Correct
Charlie Gillespie's Character Luke
94%
Owen Joyner's Character Alex
92%
The boys original band name Sunset Curve
92%
Julie's Best Friend Flynn
90%
Jeremy Shada's Character Reggie
90%
How long was Alex crying for 25 Years
82%
Julie and Flynn's ex-friend Carrie
76%
Julie's Brother's name Carlos
73%
Savannah's Band Name Dirty Candy
67%
Willie's Sport of choice Skateboarding
67%
Who does Caleb posses Nick
61%
Where do the band perform Stand Tall Orpheum
60%
What does Julie think the boy's band is originally called Sunset Swerve
59%
Where do the band meet Caleb Hollywood ghost Club
43%
Julie's mum's favourite flower Dahlias
21%
No matching quizzes found
Score Distribution
Percent of People with Each Score
Percentile by Number Answered
Your Score History
You have not taken this quiz